书目信息 |
| 题名: |
一个男人和两个女人的故事
|
|
| 作者: | (英)莱辛 著 ;范文美 译 | |
| 分册: | ||
| 出版信息: | 广州 花城出版社 1998 |
|
| 页数: | 354页 | |
| 开本: | 20cm | |
| 丛书名: | 当代名家小说译丛 | |
| 单 册: | ||
| 中图分类: | I565.45 | |
| 科图分类: | 47.1151 | |
| 主题词: | 长篇小说--法国--现代 | |
| 电子资源: | ||
| ISBN: | 7-5360-2722-2 | |
| 000 | 00786oam2 22002771 450 | |
| 001 | 100824082234.0 | |
| 005 | 20130904102718.0 | |
| 010 | @a7-5360-2722-2@dCNY17.30 | |
| 011 | @a7-5360-2722-2 | |
| 100 | @a19990909d1998 em y0chiy0121 ea | |
| 101 | 1 | @achi@cfre |
| 102 | @aCN@b440000 | |
| 105 | @af z 000ay | |
| 106 | @ar | |
| 200 | 1 | @a一个男人和两个女人的故事@9Yi Ge Nan Ren He;Huo;Hu Liang Ge Nu^ Ren De;Di Gu Shi @f(英)莱辛著@g范文美译 |
| 210 | @a广州@c花城出版社@d1998 | |
| 215 | @a354页@c图@d20cm | |
| 225 | 2 | @a当代名家小说译丛 |
| 461 | 0 | @12001 @a当代名家小说译丛 |
| 606 | @a长篇小说@y法国@z现代 | |
| 690 | @aI565.45@v3 | |
| 692 | @a47.1151@v3 | |
| 701 | 1 | @a(英)莱辛@4著 |
| 702 | 0 | @a范文美@4译 |
| 801 | 0 | @aCN@b91MARC@c20130904 |
| 905 | @aBZT@dI56@e4@f5@sI56/4 | |
| 一个男人和两个女人的故事/(英)莱辛著/范文美译.-广州:花城出版社,1998 |
| 354页:图;20cm.-(当代名家小说译丛) |
| ISBN 7-5360-2722-2:CNY17.30 |
| ● |
| 相关链接 |
|
|
|
正题名:一个男人和两个女人的故事
索取号:I56/4
 
预约/预借
| 序号 | 登录号 | 条形码 | 馆藏地/架位号 | 状态 | 备注 |
| 1 | 2000100357 | 2000100357 | 旧书回溯/ [索取号:I56/4] | 在馆 | |
| 2 | 2000100358 | 2000100358 | 旧书回溯/ [索取号:I56/4] | 在馆 | |
| 3 | 2000100359 | 2000100359 | 旧书回溯/ [索取号:I56/4] | 在馆 | |
| 4 | 2000100360 | 2000100360 | 旧书回溯/ [索取号:I56/4] | 在馆 | |
| 5 | 2000141158 | 2000141158 | 旧书回溯/ [索取号:I56/4] | 在馆 |